Movies Quiz

Random Movies or Actor Quiz
Score 0/12 Timer 05:00
6 Plays Today
Question Answer Wrong Answers
Which movie did not star Leonardo DiCaprio? American Sniper
95.1%
The Beach
1.9%
Shutter Island
1.3%
Romeo + Juliet
0.7%
Which movie did not star Bradley Cooper? Zombieland
91.4%
Silver Linings Playbook
2.7%
The Hangover
2.2%
American Hustle
2.1%
Which movie did not star Michael J. Fox? Catch Me If You Can
90.3%
Teen Wolf
3.3%
The Frighteners
3.3%
Light of Day
2.8%
Which movie did not star Reese Witherspoon? A Beautiful Mind
86.8%
Legally Blonde
1%
Pleasantville
6.7%
Sweet Home Alabama
2.4%
Which movie did not star Michael Keaton? Walk the Line
86.2%
Batman
1.1%
Beetlejuice
3%
Pacific Heights
6.7%
Which movie did not star Denzel Washington? Blow
79.5%
Training Day
2.3%
Flight
5.2%
Philadelphia
9.5%
Which movie did not star Emma Stone? Inception
79.4%
Easy A
4.6%
The Help
8.3%
Crazy, Stupid, Love.
5.7%
Which movie did not star Mel Gibson? Mr. Mom
75.6%
Lethal Weapon
1.9%
The Year of Living Dangerously
19.1%
Braveheart
0.7%
Which movie did not star Johnny Depp? The Pick-up Artist
71.3%
Donnie Brasco
9.7%
Edward Scissorhands
0.7%
Benny & Joon
14.8%
Which movie did not star Russell Crowe? Courage Under Fire
70.7%
L.A. Confidential
18.1%
Gladiator
0.8%
Cinderella Man
7.2%
Which movie did not star Joseph Gordon-Levitt? Payback
64.6%
(500) Days of Summer
6.9%
10 Things I Hate About You
17.4%
Looper
8.8%
Which movie did not star Robert Downey Jr.? Bright Lights, Big City
42.6%
Sherlock Holmes: A Game of Shadows
1.2%
The Shaggy Dog (2006)
49.9%
Chaplin
6.2%
Remove Ads.
Support Sporcle.
Get the best of Sporcle when you Go Orange. This ad-free experience offers more features, more stats, and more fun while also helping to support Sporcle. Thank you for becoming a member.

You're not logged in!

Compare scores with friends on all Sporcle quizzes.
OR
Log In

Show Comments

Extras

Top Quizzes Today


Score Distribution

Your Account Isn't Verified!

In order to create a playlist on Sporcle, you need to verify the email address you used during registration. Go to your Sporcle Settings to finish the process.

Report this User

Report this user for behavior that violates our Community Guidelines.

Details: